Normal view
MARC view
Entry Personal Name
001 - CONTROL NUMBER
- control field: 872824
003 - CONTROL NUMBER IDENTIFIER
- control field: OSt
005 - DATE AND TIME OF LATEST TRANSACTION
- control field: 20260114185648.0
008 - FIXED-LENGTH DATA ELEMENTS
- fixed length control field: 260114|| aca||aabn | a|a d
040 ## - CATALOGING SOURCE
- Original cataloging agency: OSt
- Transcribing agency: OSt
100 ## - HEADING--PERSONAL NAME
- Personal name: Gilly Carr, Paul Sanders and Louise Willmot
670 ## - SOURCE DATA FOUND
- Source citation: Work cat.: (OSt)1471772: Gilly Carr, Paul Sanders and Louise Willmot, Protest, Defiance and Resistance in the Channel Islands German Occupation, 1940-45, 2014
